000 01229nam a22003730a 4500
001 PT7685
003 AR-LpoUNG
005 20210131232216.0
008 191001s1991||||ag |||||||||||||||||spa d
020 _a9505153627
_c$15.84
040 _aAR-LpoUNG
_bspa
_cAR-LpoUNG
_eaacr
041 _aspa
044 _aag
082 0 _a982.024 678mer
100 1 _aSocolow, Susan
245 1 4 _aLos mercaderes del Buenos Aires virreinal :
_bfamilia y comercio
250 _a1ra. ed.
260 _aBuenos Aires :
_bDe la Flor,
_c1991.
300 _a243 p. :
_btbls., gráfs., fot.
520 _a<p>Este libro estudia, en forma detallada y profunda, no sólo los negocios, sino asimismo la cultura, la vida familiar y religiosa y las mentalidades de un grupo social y económico que tuvo destacada actuación en los últimos decenios de la vida colonial de Buenos Aires: los comerciantes.</p>
650 4 _aARGENTINA
650 4 _aCOMERCIANTES
650 4 _aCOMERCIO
650 4 _aCULTURA
650 4 _aHOMBRES DE NEGOCIOS
650 4 _aPOBLACION
650 4 _aRELIGION
650 4 _aSOCIEDAD
651 4 _aArgentina
653 _aINSERCION
700 1 _aSteimberg, Alicia
_etr.
905 _a7685
942 _cLIB
999 _c14363
_d14363